000 01474nam a2200325 c 4500
003 BLK
005 20180422113033.0
008 180410b bul|||||r ||||||| ||bul||
010 _aKNG00157172000
040 _aBLK
041 _aBUL
_cBUL
080 _aАмериканска литература (на САЩ)
_b821.111(73)
_x-32
_z821.111(73)-32
100 1 _aБредбъри, Рей Дъглас
_eпърви автор
_9364486
700 1 _aТончев, Белин Антонов
_eпрев. от англ.
_9316720
700 1 _aМарковски, Георги Борисов
_eс предг. от
_9363604
139 _aБредбъри, Рей
_bБ 80
245 1 0 _aДървото на вси светии
_bПовест
_cРей Дъглас Бредбъри; прев. от англ. Белин Антонов Тончев; с предг. от Георги Борисов Марковски.
257 _aUSA
260 Варна
_bГеорги Бакалов
_c1981
_fСофия : Балкан
300 _a128 с.
_c17 см
380 _aX
490 1 _aБиблиотека Галактика
_v23
500 _aОриг. загл. The halloween tree. - 10 200 тир.
600 1 4 _aБредбъри, Рей
_9312843
852 _aЦб І 18683
856 4 _qpdf
_u
856 4 _qpdf
_u
942 _cKNG
_n0
944 _aCR
_c25.02.2014
_l25.02.2014 - от С1,Р / 25.02.2014
_kПравда_Бадева
944 _aED
_c08.10.2015
_l25.02.2014 - от С1,Р / 25.02.2014
_kПавлина_Енева
999 _c150830
_d150830